Persönlichkeitsstörungen
Saved in:
| Main Authors: | , , |
|---|---|
| Format: | Chapter/Article |
| Language: | German |
| Published: |
2007
|
| In: |
Geschlechtsspezifische Psychiatrie und Psychotherapie
Year: 2007, Pages: 212-224 |
| Online Access: |
|
| Author Notes: | S. C. Herpertz; E. Habermeyer; V. Habermeyer |
MARC
| LEADER | 00000caa a22000002c 4500 | ||
|---|---|---|---|
| 001 | 1463600321 | ||
| 003 | DE-627 | ||
| 005 | 20220811024934.0 | ||
| 007 | tu | ||
| 008 | 130918s2007 xx ||||| 00| ||ger c | ||
| 035 | |a (DE-627)1463600321 | ||
| 035 | |a (DE-576)393600327 | ||
| 035 | |a (DE-599)BSZ393600327 | ||
| 035 | |a (OCoLC)1340540128 | ||
| 040 | |a DE-627 |b ger |c DE-627 |e rakwb | ||
| 041 | |a ger | ||
| 084 | |a 11 |2 sdnb | ||
| 100 | 1 | |a Herpertz, Sabine |d 1960- |0 (DE-588)132328526 |0 (DE-627)520581113 |0 (DE-576)182985261 |4 aut | |
| 245 | 1 | 0 | |a Persönlichkeitsstörungen |c S. C. Herpertz; E. Habermeyer; V. Habermeyer |
| 264 | 1 | |c 2007 | |
| 300 | |a 13 | ||
| 336 | |a Text |b txt |2 rdacontent | ||
| 337 | |a ohne Hilfsmittel zu benutzen |b n |2 rdamedia | ||
| 338 | |a Band |b nc |2 rdacarrier | ||
| 700 | 1 | |a Habermeyer, Elmar |d 1967- |0 (DE-588)121811786 |0 (DE-627)081550731 |0 (DE-576)182506584 |4 aut | |
| 700 | 1 | |a Habermeyer, Viola |d 1967- |0 (DE-588)123693039 |0 (DE-627)082711658 |0 (DE-576)293829969 |4 aut | |
| 773 | 0 | 8 | |i In |t Geschlechtsspezifische Psychiatrie und Psychotherapie |b 1. Auflage |d Stuttgart : Verlag W. Kohlhammer, 2007 |g (2007), Seite 212-224 |h 634 Seiten |w (DE-627)1618661868 |w (DE-576)118417061 |z 3170184512 |z 9783170184510 |7 nnam |a Persönlichkeitsstörungen |
| 773 | 1 | 8 | |g year:2007 |g pages:212-224 |g extent:13 |a Persönlichkeitsstörungen |
| 951 | |a AR | ||
| 992 | |a 20130918 | ||
| 993 | |a BookComponentPart | ||
| 994 | |a 2007 | ||
| 998 | |g 132328526 |a Herpertz, Sabine |m 132328526:Herpertz, Sabine |d 910000 |d 910700 |e 910000PH132328526 |e 910700PH132328526 |k 0/910000/ |k 1/910000/910700/ |p 1 |x j | ||
| 999 | |a KXP-PPN1463600321 |e 276828162X | ||
| BIB | |a Y | ||
| JSO | |a {"id":{"eki":["1463600321"]},"origin":[{"dateIssuedKey":"2007","dateIssuedDisp":"2007"}],"recId":"1463600321","title":[{"title":"Persönlichkeitsstörungen","title_sort":"Persönlichkeitsstörungen"}],"relHost":[{"name":{"displayForm":["Anke Rohde, Andreas Marneros (Hrsg.) ; mit Beiträgen von Volker Arolt [und 53 anderen]"]},"person":[{"family":"Rohde","role":"edt","display":"Rohde, Anke","given":"Anke"},{"family":"Marneros","display":"Marneros, Andreas","role":"edt","given":"Andreas"},{"given":"Volker","display":"Arolt, Volker","role":"aut","family":"Arolt"}],"type":{"bibl":"edited-book"},"language":["ger"],"physDesc":[{"extent":"634 Seiten","noteFormat":"25 cm","noteIll":"Illustrationen, Diagramme"}],"note":["Literaturangaben"],"title":[{"title":"Geschlechtsspezifische Psychiatrie und Psychotherapie","subtitle":"ein Handbuch","title_sort":"Geschlechtsspezifische Psychiatrie und Psychotherapie"}],"disp":"PersönlichkeitsstörungenGeschlechtsspezifische Psychiatrie und Psychotherapie","origin":[{"publisherPlace":"Stuttgart","dateIssuedDisp":"2007","editionNo":"1","edition":"1. Auflage","dateIssuedKey":"2007","publisher":"Verlag W. Kohlhammer"}],"recId":"1618661868","part":{"text":"(2007), Seite 212-224","extent":"13","pages":"212-224","year":"2007"},"id":{"isbn":["3170184512","9783170184510"],"eki":["1618661868"]}}],"physDesc":[{"extent":"13 S."}],"person":[{"family":"Herpertz","display":"Herpertz, Sabine","role":"aut","given":"Sabine"},{"display":"Habermeyer, Elmar","role":"aut","given":"Elmar","family":"Habermeyer"},{"display":"Habermeyer, Viola","role":"aut","given":"Viola","family":"Habermeyer"}],"type":{"bibl":"chapter"},"language":["ger"],"name":{"displayForm":["S. C. Herpertz; E. Habermeyer; V. Habermeyer"]}} | ||
| SRT | |a HERPERTZSAPERSOENLIC2007 | ||